Gra o źycie

Bibliographic Details
Main Author: Beneš, Karel Josef, 1896-1969 (Author)
Other Authors: Hierowski, Zdzislaw (prekladateľ) (Translator)
Format: Book
Language:Polish
PhysicalDescription:234 s. 8°
Published: Warszawa Wydaw. Min. Obrony Nar. 1961

MARC

LEADER 00000nam a2200000 a 4500
001 vtls001266106
003 SK-MaSNL
005 20260301113108.0
008 240315s1961 PL 0 pol
035 |a SNK000217042 
040 |a SNK  |b slo  |c SNK  |e AACR2 
044 |a PL 
100 1 |a Beneš, Karel Josef,  |d 1896-1969  |4 aut  |9 120956 
245 1 |a Gra o źycie  |c Karel Josef Beneš ; przeł. Zdzisław Hierowski 
260 |a Warszawa  |b Wydaw. Min. Obrony Nar.  |c 1961 
300 |a 234 s.  |c 8° 
700 1 |a Hierowski, Zdzislaw  |c (prekladateľ)  |4 trl  |9 454799 
999 |c 712656  |d 714586 
952 |t P60, <04>, [BOOK], {604}  |a SNK  |b SNK  |y VYP  |7 0  |o snkID 33965  |i snkK 1837/63  |0 0  |1 0  |4 0  |d 1996-11-13  |l 0  |r 2005-01-01 00:00:00  |w 2026-02-23 
952 |t P60, <04>, [BOOK], {604}  |a SNK  |b SNK  |y VYP  |7 0  |o snkID 33965 D1  |i snkV 1602/64  |0 0  |1 0  |4 0  |d 1996-11-13  |l 0  |r 2005-01-01 00:00:00  |w 2026-02-23